000 00474cam a22001337a 4500
008 180718b1990 xxu||||| |||| 00| 0 eng d
020 _a0945257287
082 _aT421 B859
100 _aBudhoo, Davison L.
245 _aEnough is enough: dear Mr. Camdessus... open letters of resignation to the Managing Director of the International Monetary Fund
_cby Davison L. Budhoo
260 _aNew York
_bThe Apex Press
_c1990
300 _a115
650 _aInternational Monetary Fund
999 _c375020
_d375020